000 00585cam a22001457a 4500
008 180718b1978 xxu||||| |||| 00| 0 eng d
082 _aW9x54 In2
100 _aIndia. Working Group on Autonomy for Akashvani and Doordarshan
245 _aReport of the working group on autonomy for akashvani and doordarshan
_cby Ministry of Information and Broadcasting
260 _aNew Delhi
_bMinistry of Information and Broadcasting
_c1978
300 _a2v.
500 _aChairman: B.G. Verghese
700 _aIndia. Ministry of Information and Broadcasting
700 _aVerghese, B.G. (Chairman)
999 _c486071
_d486071